000 00599cam a22002053a 4500
001 42361
003 PGUSA
005 20140828083947.0
008 130318s2013||||xxu|||||s|||||000 | eng d
040 _aPGUSA
_beng
042 _adc
100 1 _aBurdick, Arthur J.
245 1 4 _aThe Mystic Mid-Region :
_bThe Deserts of the Southwest
_h[electronic resource] /
_cArthur J. Burdick
260 _bProject Gutenberg,
_c2013
506 _aPublic domain in the USA.
516 _aElectronic text
830 0 _aProject Gutenberg
_v42361
856 4 0 _uhttp://www.gutenberg.org/ebooks/42361
942 _cEB
999 _c271613
_d271613